000
00333nam a22001337a 4500
008
241019b |||||||| |||| 00| 0 eng d
020
_a
9789355961280
040
_a
02
100
_a
CHAKRABORTY,KAKULI
245
_a
NTA UGC NET SOCIAL MEDICINE AND COMMUNITY HEALTH
260
_a
NEW DELHI
_b
HPH
_c
2022
300
_a
548
942
_c
01
999
_c
64488
_d
64488